00790 a2200169 45000010006000000050017000060080041000230030015000640400040000790800122001192450018002412640033002593000019002925050259003111000019005707000031005895014820260407155802.0260407a1949 arg spa dAR-UNSa-BCEJYS aAR-UNSa-BCEJYSbspacAR-UNSa-BCEJYS a101.1xNaturaleza de la filosofía. La filosofía como ciencia. La filosofía como arte (pensamiento filosófico)10aNovum organum 1aBuenos Aires :bLosadac1949 a341 p.c20 cm. a1. Significado y contenido del Novum Organum por Risieri Frondizi - 2. Proemio a la Instauratio Magna - 3. Dedicatoria al Rey Jacobo I - 4. Prefacio a la Instauratio Magna - 5. Distributio Operis - 6. Prefacio del Novum Organum - 7. Libro I - 8. Libro II1 aBacon, Francis1 aBalmori, Clemente Hernando